000 00423nam a22001097a 4500
082 _a001
100 _aPhysics Wallah
_982597
245 _aऑल इन वन RRB NTPC गैर-तकनीकी लोकप्रिय श्रेणियां CBT-1 परीक्षा 2024-25
260 _aदिल्‍ली
_bPhysics Wallah
_c2025
650 _aसामान्‍य ज्ञान
942 _cC. BOOKS
999 _c67234
_d67234